=LDR 00000nam 2200000 4500 =001 NUTBA000000000004254 =005 20140909131622.0 =006 =007 =008 =020 ##$$a978-602-19628-2-4 =035 ##$$a 0010-091400000000287 =082 ##$$a338.04 =100 ##$$aARIF ISNAINI =245 ##$$aBERANI BERWIRAUSAHA =260 ##$$a SURABAYA $b INSAN CENDEKIA $c 2012 =850 ##$$aNBPNMAT =990 ##$$a 0001/BPAP-NTB/20142014 =990 ##$$a 78947894 =990 ##$$a 01201807894 =990 ##$$a 0001/BPAP-NTB/20142014